Schaum's outline of theory & problems of statistics (Record no. 7840)

000 -LEADER
fixed length control field 00549nam a2200205 4500
001 - CONTROL NUMBER
control field 7840
003 - CONTROL NUMBER IDENTIFIER
control field BD-DhUET
008 - FIXED-LENGTH DATA ELEMENTS--GENERAL INFORMATION
fixed length control field 141213b/xxu||||| |||| 00| 0 eng d
020 ## - INTERNATIONAL STANDARD BOOK NUMBER
International Standard Book Number 070602271
040 ## - CATALOGING SOURCE
Original cataloging agency DLC
Language of cataloging DLC
Transcribing agency BD-DhUET
082 ## - DEWEY DECIMAL CLASSIFICATION NUMBER
Classification number 519.9
Item number SPI/1961
100 ## - MAIN ENTRY--PERSONAL NAME
Personal name Spiegel , Murray R
245 ## - TITLE STATEMENT
Title Schaum's outline of theory & problems of statistics
250 ## - EDITION STATEMENT
Edition statement 1st ed.
260 ## - PUBLICATION, DISTRIBUTION, ETC. (IMPRINT)
Place of publication, distribution, etc. Singapore
Name of publisher, distributor, etc. McGraw Hill
Date of publication, distribution, etc. 1961
300 ## - PHYSICAL DESCRIPTION
Extent 359 p.
Other physical details ill.
Dimensions 27 cm.
490 ## - SERIES STATEMENT
Series statement Schaum's Outline Series
650 #0 - SUBJECT ADDED ENTRY--TOPICAL TERM
Topical term or geographic name as entry element Statistical mathematics
942 ## - ADDED ENTRY ELEMENTS (KOHA)
Koha item type General Book
Holdings
Koha full call number Sublocation or collection (holding branch) Shelving location Source of classification or shelving scheme Damaged status Koha issues (times borrowed) Not for loan Koha date last borrowed Koha date last seen Koha item type Piece designation (barcode) Price effective from Date acquired Koha normalized classification for sorting Location (home branch) Copy number Lost status Withdrawn status
519.9/SPI/1961Central Library, BUETCirculation section     2015-08-22General Book252192014-12-132014-12-13519_900000000000000_SPI_1961Central Library, BUET1  
519.9/SPI/1961Central Library, BUETCirculation section     2017-02-06General Book661842014-12-132014-12-13519_900000000000000_SPI_1961Central Library, BUET2  
519.9/SPI/1961Central Library, BUETCirculation section     2014-12-13General Book3452014-12-132014-12-13519_900000000000000_SPI_1961Central Library, BUET3  
519.9/SPI/1961Central Library, BUETCirculation section  1 2015-08-012015-08-01General Book564832014-12-132014-12-13519_900000000000000_SPI_1961Central Library, BUET5  
519.9/SPI/1961Central Library, BUETCirculation section     2014-12-13General Book318472014-12-132014-12-13519_900000000000000_SPI_1961Central Library, BUET6  
519.9/SPI/1961Central Library, BUETCirculation section     2014-12-13General Book318282014-12-132014-12-13519_900000000000000_SPI_1961Central Library, BUET7  
519.9/SPI/1961Central Library, BUETCirculation section     2014-12-13General Book318432014-12-132014-12-13519_900000000000000_SPI_1961Central Library, BUET8